[Event "Challenge"]
[Site "http://www.queenalice.com/game.php?id=354566"]
[Date "2008.2.15"]
[Round "-"]
[White "schmiddi"]
[Black "Hugo62"]
[Result "0-1"]
[WhiteElo "1145"]
[BlackElo "1365"]

1. d3 e6 2. Nc3 Nf6 3. Nf3 c6 4. e4 d6 5. b4 a6 6. g3 Nbd7 7. Ng5 b5 8. f4 Nb6
9. e5 Nfd7 10. Be3 h6 11. Nge4 f5 12. Nf2 d5 13. a4 Bxb4 14. Bd2 Nc5 15. d4
Ncxa4 16. Rxa4 bxa4 17. Nd3 a5 18. Nxb4 axb4 19. Na2 Nc4 20. Nxb4 Qd7 21. Qa1 g6
22. Be2 h5 23. h4 Qb7 24. Kd1 a3 25. c3 Qb5 26. Bc1 Rh7 27. Rf1 a2 28. Rf3 Qa4+
29. Ke1 Rb7 30. Nxc6 Rb1 31. Qxb1 axb1=Q 32. Rd3 Qxc1+ 33. Kf2 Qxc6 34. Rd1 Qxc3
35. g4 fxg4 36. Kg2 Ne3+ 37. Kf2 Nf5 38. Kf1 Ra2 39. Bd3 Nxd4 40. Kg1 Qa4 41.
Kf1 Qxd1# 0-1

[Event "Challenge"]
[Site "http://www.queenalice.com/game.php?id=365062"]
[Date "2008.3.3"]
[Round "-"]
[White "jw16js"]
[Black "schmiddi"]
[Result "1-0"]
[WhiteElo "1482"]
[BlackElo "1135"]

1. e4 b5 2. Qf3 Nf6 3. Bxb5 c6 4. Bc4 d5 5. exd5 cxd5 6. Bb5+ Bd7 7. Bxd7+ Qxd7
8. h3 Nc6 9. g4 Nd4 10. Qd3 Nxc2+ 11. Qxc2 Qe6+ 12. Ne2 g6 13. f3 h5 14. g5 Nd7
15. d4 Bg7 16. Bf4 Nb6 17. a4 Rc8 18. Nc3 f6 19. Qxg6+ Kd7 20. Qd3 fxg5 21. Bxg5
Bh6 22. Bxh6 Qxh6 23. a5 Rb8 24. Qf5+ Ke8 25. Qe5 Nd7 26. Qxd5 Rxb2 27. f4 Rg8
28. Qxg8+ Qf8 29. Qg6+ Qf7 30. Qc6 e6 31. Nb5 Qg6 32. O-O-O Rxe2 33. Nd6+ Ke7
34. Rhe1 Rc2+ 35. Qxc2 Qf6 36. Re5 Qh4 37. Nf5+ Kf6 38. Nxh4 a6 39. Qg6+ 1-0

[Event "Challenge"]
[Site "http://www.queenalice.com/game.php?id=365063"]
[Date "2008.3.3"]
[Round "-"]
[White "schmiddi"]
[Black "jw16js"]
[Result "0-1"]
[WhiteElo "1132"]
[BlackElo "1536"]

1. e4 e5 2. Nf3 Bd6 3. Na3 a6 4. Nc4 b5 5. Nxd6+ cxd6 6. b3 Bb7 7. Ba3 Qa5 8.
Bb2 Bxe4 9. a4 Bxf3 10. gxf3 Nf6 11. c4 bxc4 12. bxc4 Qb4 13. Ra2 O-O 14. Bd3
Nc6 15. Bc3 Qb8 16. Bb1 a5 17. Rg1 Qa7 18. Bf5 Rae8 19. Qc1 g6 20. Bh3 Qc5 21.
Rg5 h6 22. Rg3 Nh5 23. Bxd7 Nxg3 24. fxg3 Rb8 25. Qa3 Qxa3 26. Rxa3 Rb1+ 27. Ke2
Nb8 28. Bxa5 Nxd7 29. Rd3 Ra8 30. Bc7 Rxa4 31. Bxd6 Rxc4 32. Bc5 Nxc5 33. Rd8+
Kg7 34. Re8 f6 35. Re7+ Kf8 36. Rh7 h5 37. Rh8+ Kg7 38. Rd8 Rh1 39. h4 Rh2+ 40.
Kf1 Rc1# 0-1

[Event "Challenge"]
[Site "http://www.queenalice.com/game.php?id=365064"]
[Date "2008.3.3"]
[Round "-"]
[White "jw16js"]
[Black "schmiddi"]
[Result "1-0"]
[WhiteElo "1562"]
[BlackElo "1145"]

1. e4 g6 2. Qf3 Nf6 3. Bc4 e6 4. d3 d5 5. exd5 exd5 6. Bb3 Qe7+ 7. Be3 Nbd7 8.
Ne2 Ne5 9. Qf4 Qb4+ 10. Qxb4 a5 11. Ba4+ Bd7 12. Bxd7+ Kxd7 13. Qxb7 Rd8 14.
Qb5+ Nc6 15. Nd4 Kd6 16. Nxc6 Re8 17. O-O Ng4 18. Bf4+ Ke6 19. Re1+ Ne5 20.
Rxe5+ Kd7 21. Nb8+ Kd8 22. Qd7# 1-0

[Event "Challenge"]
[Site "http://www.queenalice.com/game.php?id=365065"]
[Date "2008.3.3"]
[Round "-"]
[White "schmiddi"]
[Black "jw16js"]
[Result "0-1"]
[WhiteElo "1145"]
[BlackElo "1547"]

1. d4 b6 2. Bf4 Bb7 3. f3 e6 4. Nd2 d5 5. e3 f5 6. g4 fxg4 7. fxg4 g5 8. Bg3 Bd6
9. Ngf3 h5 10. gxh5 Rxh5 11. Ng1 Bxg3+ 12. Ke2 Bxh2 13. Bg2 Ba6+ 14. Kf2 Qf6+
15. Ndf3 Bg3+ 16. Kxg3 Nh6 17. Nh3 g4 18. Nd2 Qh4+ 19. Kf4 Rf5# 0-1

[Event "Challenge"]
[Site "http://www.queenalice.com/game.php?id=414187"]
[Date "2008.6.6"]
[Round "-"]
[White "schmiddi"]
[Black "Hugo62"]
[Result "1-0"]
[WhiteElo "1164"]
[BlackElo "1349"]

1. d3 d5 2. Nc3 Nf6 3. e4 d4 4. Nb5 c5 5. Bf4 Qa5+ 6. c3 Qxb5 7. Nf3 Nc6 8. a4
Qb6 9. g3 Qxb2 10. cxd4 cxd4 11. h4 Bg4 12. Bg2 e6 13. a5 b5 14. h5 1-0

[Event "Ninguém"]
[Site "http://www.queenalice.com/game.php?id=434919"]
[Date "2008.7.17"]
[Round "-"]
[White "Slorche"]
[Black "schmiddi"]
[Result "1-0"]
[WhiteElo "1716"]
[BlackElo "1139"]

1. e4 d6 2. d4 Nc6 3. d5 Ne5 4. Nc3 Bg4 5. Be2 h5 6. Bd2 e6 7. dxe6 fxe6 8. f3
Nf6 9. fxg4 hxg4 10. Bg5 d5 11. exd5 exd5 12. Bxf6 gxf6 13. Qd2 c6 14. O-O-O Nc4
15. Bxc4 dxc4 16. Qe2+ Qe7 17. Qxc4 Qe3+ 18. Kb1 a5 19. Nf3 gxf3 20. Rde1 Qe5
21. Rxe5+ fxe5 22. gxf3 O-O-O 23. Na4 Rg8 24. Qc3 Rg6 25. Qxe5 Bg7 26. Qf5+ Re6
27. Qxe6+ Rd7 28. Nb6+ Kc7 29. Nxd7 b5 30. Qf7 Be5 31. Nxe5+ Kd6 32. Ng4 b4 33.
Rd1+ Kc5 34. Qe7+ Kb6 35. Rd7 Kb5 36. b3 a4 37. Rb7+ Ka6 38. Qxb4 1-0

[Event "AUTO-BEG-235"]
[Site "http://www.queenalice.com/game.php?id=436741"]
[Date "2008.7.21"]
[Round "1"]
[White "schmiddi"]
[Black "FabianoSales"]
[Result "0-1"]
[WhiteElo "1163"]
[BlackElo "1568"]

1. Nf3 Nc6 2. e4 e5 3. Nc3 Bb4 4. a3 Bxc3 5. bxc3 Nf6 6. d3 h6 7. d4 d6 8. c4
Bg4 9. h3 Bh5 10. dxe5 Nxe5 11. Nd4 Bxd1 12. Kxd1 Nxe4 13. f3 Nf2+ 14. Ke2 Nxh1
15. f4 Ng3+ 16. Kf2 Qh4 17. Nf3 Nxf3 18. gxf3 Nxf1+ 19. Kxf1 Qxh3+ 20. Kf2 O-O
21. Bd2 Qf5 22. Rc1 Rfe8 23. Kg3 Re2 24. Rd1 Qg6+ 25. Kh4 Rh2# 0-1

[Event "AUTO-BEG-235"]
[Site "http://www.queenalice.com/game.php?id=436742"]
[Date "2008.7.21"]
[Round "1"]
[White "FabianoSales"]
[Black "schmiddi"]
[Result "1-0"]
[WhiteElo "1750"]
[BlackElo "1141"]

1. d4 e6 2. Bf4 Bb4+ 3. c3 Be7 4. e4 d5 5. e5 Nh6 6. Qh5 Nf5 7. Bd3 g6 8. Qf3
Nc6 9. Ne2 Nh4 10. Qh3 b5 11. O-O h6 12. Bxb5 Bb7 13. f3 g5 14. Bd2 a6 15. Ba4
f6 16. Qxe6 Bc8 17. Bxc6+ Bd7 18. Qxd5 Bxc6 19. Qxc6+ Kf8 20. e6 Rb8 21. b4 Ng6
22. Qxa6 Nh4 23. g3 Nf5 24. Na3 Nd6 25. f4 Ne4 26. Nc4 gxf4 27. Bxf4 Rg8 28.
Bxh6+ Rg7 29. Bxg7+ Kxg7 30. Rf4 Ng5 31. Rg4 Qd5 32. h4 Rb5 33. Ne3 Qf3 34. Qxb5
Qxe3+ 35. Kh2 Kh6 36. hxg5+ fxg5 37. a4 Kh5 38. Rh4+ Kg6 39. Qe8+ Kf6 40. Rh6+
Kg7 41. Qg6+ Kf8 42. Rh8# 1-0

[Event "Challenge"]
[Site "http://www.queenalice.com/game.php?id=556699"]
[Date "2009.3.16"]
[Round "-"]
[White "schmiddi"]
[Black "Tourinho"]
[Result "0-1"]
[WhiteElo "1158"]
[BlackElo "1656"]

1. d3 d5 2. Nc3 e5 3. Nh3 d4 4. Ne4 Bxh3 5. gxh3 Nc6 6. a3 Be7 7. Bd2 Nf6 8. Bg2
h6 9. Bb4 Nxe4 10. dxe4 Bxb4+ 11. c3 Ba5 12. e3 dxc3 13. b3 c2+ 14. Qd2 Qxd2+
15. Kf1 Qd1+ 16. Rxd1 cxd1=Q# 0-1

[Event "AUTO-BEG-302"]
[Site "http://www.queenalice.com/game.php?id=559053"]
[Date "2009.3.20"]
[Round "1"]
[White "schmiddi"]
[Black "TigerLilly"]
[Result "0-1"]
[WhiteElo "1148"]
[BlackElo "1675"]

1. Nf3 Nf6 2. b3 e6 3. Nc3 b6 4. g3 Bb7 5. Bh3 Be7 6. d3 O-O 7. Be3 Bb4 8. Qd2
Nd5 9. a3 Bxc3 10. Rd1 Bxd2+ 11. Kxd2 Qf6 12. Kc1 Qa1+ 13. Kd2 Qxa3 14. Ke1 Nc3
15. Rd2 d6 16. Bg4 Qc1+ 17. Rd1 Qxc2 18. Kf1 Qxd1+ 19. Kg2 Qxe2 20. Rf1 Nd7 21.
Bh5 Ne5 22. b4 g6 0-1

[Event "AUTO-BEG-302"]
[Site "http://www.queenalice.com/game.php?id=559054"]
[Date "2009.3.20"]
[Round "1"]
[White "TigerLilly"]
[Black "schmiddi"]
[Result "0-1"]
[WhiteElo "1586"]
[BlackElo "1146"]

1. e4 e5 2. Bc4 c6 3. Qf3 Nf6 4. Nc3 a6 5. Nge2 b5 6. Bb3 d5 7. exd5 cxd5 8.
Nxd5 Be7 9. Nxf6+ gxf6 10. Qxa8 Qc7 11. Qf3 h5 12. d3 Nc6 13. Be3 h4 14. Bd5 Nb4
15. Nc3 Nxc2+ 16. Kd2 Nxa1 17. Rxa1 Be6 18. Bxe6 fxe6 19. Rc1 f5 20. Qa8+ Bd8
21. Bg5 Kd7 22. Bxd8 Rxd8 23. Qxa6 b4 24. Nb5 Qb8 0-1

[Event "AUTO-BEG-302"]
[Site "http://www.queenalice.com/game.php?id=559055"]
[Date "2009.3.20"]
[Round "1"]
[White "schmiddi"]
[Black "ksanjabi"]
[Result "0-1"]
[WhiteElo "1176"]
[BlackElo "1475"]

1. e3 f5 2. b3 Nf6 3. c4 c5 4. Nc3 e5 5. Nf3 Nc6 6. a3 d6 7. h3 Be7 8. b4 O-O 9.
g4 fxg4 10. hxg4 Bxg4 11. Rg1 e4 12. Rxg4 Nxg4 13. Bh3 Nxf2 14. Kxf2 Bh4+ 15.
Ke2 exf3+ 16. Kf1 Qg5 17. Ne4 Qe5 18. Rb1 Qxe4 19. bxc5 dxc5 20. Rb5 Qd3+ 21.
Kg1 b6 22. Be6+ Kh8 23. Bd7 Qxd7 24. Bb2 f2+ 25. Kg2 f1=Q+ 26. Qxf1 Rxf1 27.
Kxf1 Qxd2 28. e4 Rf8+ 29. Kg1 Rf2 30. a4 Qe1# 0-1

[Event "AUTO-BEG-302"]
[Site "http://www.queenalice.com/game.php?id=559056"]
[Date "2009.3.20"]
[Round "1"]
[White "ksanjabi"]
[Black "schmiddi"]
[Result "1-0"]
[WhiteElo "1348"]
[BlackElo "1156"]

1. e4 c6 2. d4 Nf6 3. f3 Na6 4. Nc3 e6 5. Bd3 Nb4 6. Nh3 g6 7. O-O Nxd3 8. Qxd3
Bh6 9. Bxh6 Nh5 10. Rfe1 Rg8 11. g4 Nf6 12. e5 Nd5 13. Ne4 a5 14. c4 Nb4 15.
Nd6+ 1-0

[Event "Challenge"]
[Site "http://www.queenalice.com/game.php?id=568201"]
[Date "2009.4.7"]
[Round "-"]
[White "araujox"]
[Black "schmiddi"]
[Result "1-0"]
[WhiteElo "1706"]
[BlackElo "1172"]

1. d4 d5 2. c4 dxc4 3. Nc3 Nc6 4. e3 Nh6 5. Bxc4 Bd7 6. Nf3 e6 7. O-O a6 8. a3
g6 9. e4 Na5 10. Bd3 e5 11. Nxe5 Be6 12. Be3 Bb3 13. Qe2 f6 14. Nf3 g5 15. e5
fxe5 16. Bxg5 Qd7 17. Qxe5+ Qe7 18. Bxe7 Bxe7 19. Qxh8+ Bg8 20. Rfe1 Nf7 21.
Qxg8+ Kd7 22. Qxf7 h6 23. Qe6+ Kd8 24. Qxe7+ 1-0